000 00841nam a22002897a 4500
003 CHAP
005 20220817042201.0
008 971013s1966 r 00010 d
010 _a37011
011 _a37983
035 _a42103
040 _cCHAP
082 _a631.8
_bF37
110 _aFAO
245 _aEstadística de la respuesta de los cultivos al abonado
260 _aRoma :
_bFAO,
_c1966
300 _a110 p.
590 _aBATCH-UPD
_b10
_c20130110
_lUCH01
_h1212
590 _aBATCH-UPD
_b10
_c20130410
_lUCH01
_h0750
590 _aBATCH-UPD
_b10
_c20130914
_lUCH01
_h1403
590 _aCONVERSION
_b10
_c20130109
_lUCH01
_h1321
650 1 4 _aFertilizantes y abonos.
_940646
650 1 4 _aFertilizantes
_xExperimentación.
_940565
901 _aBK
942 _cLIBRO
949 _a631.8 F37
_bBC
_cFAO
_d-96746
_eFAO1
_h27526
_i42103
_si
999 _c37011
_d37011